Municipis de la comarca del Berguedà amb mapa (Catalunya) - Statistics

General Stats
  • This quiz has been taken 63 times
  • The average score is 17 of 31
Answers on the Map
Answers color-coded by a green-red scale on the quiz's map according to % correct below.
 
Answer Stats
Answer % Correct
Berga
73%
Gósol
73%
Castellar de n'Hug
68%
Guardiola de Berguedà
64%
Puig-reig
64%
Saldes
64%
Viver i Serrateix
64%
Bagà
59%
Casserres
59%
Cercs
59%
Gironella
59%
Gisclareny
59%
Olvan
59%
Avià
55%
Borredà
55%
La Pobla de Lillet
55%
Montmajor
55%
Sagàs
55%
Sant Jaume de Frontanyà
55%
Vallcebre
55%
Capolat
50%
Castellar del Riu
50%
La Nou de Berguedà
50%
Montclar
50%
Fígols
45%
La Quar
45%
Santa Maria de Merlès
45%
Sant Julià de Cerdanyola
45%
Vilada
45%
L'Espunyola
41%
Castell de l'Areny
36%
No matching quizzes found
Score Distribution
Percent of People with Each Score
Percentile by Number Answered
Your Score History
You have not taken this quiz